| 000 | 00389pam a2200157a 44500 | ||
|---|---|---|---|
| 008 | 230405s1987 xxu||||| |||| 00| 0 eng d | ||
| 041 | _aENG | ||
| 100 | _aSTEVEN HARRINGTON | ||
| 245 | _aCOMPUTER GRAPHICS (A PROGAMMING APPROACH) | ||
| 250 | _a1987 | ||
| 260 |
_aNEW DELHI _bMC GRAND,HILL BOOK COMPANY _c1987 |
||
| 300 | _a466 | ||
| 650 | _aGRAPHICS | ||
| 690 | _aMCA | ||
| 906 | _a6673 | ||
| 999 |
_c287484 _d287484 |
||